Biblioteca y Centro de Documentación

La dimensión educativa de la Declaración Universal de Derechos Humanos (Registro nro. 23085)

Detalles MARC
000 -CABECERA
Longitud fija campo de control 01515nam a2200421 c 4500
001 - NÚMERO DE CONTROL
Número de control 23085
003 - IDENTIFICADOR DE NÚMERO DE CONTROL
Identificador del número de control ES-MaCES
005 - FECHA Y HORA DE LA ÚLTIMA TRANSACCIÓN
Fecha y hora de la última transacción 20141221122826.0
008 - CAMPO FIJO DE DESCRIPCIÓN FIJA--INFORMACIÓN GENERAL
Códigos de información de longitud fija   100527s2009 sp t 000 | spa d
017 ## - NÚMERO DE REGISTRO DE DERECHOS DE AUTOR Y DEPÓSITO LEGAL
Número de copyright o de depósito legal CO 1539-2009
Agencia que asigna el número DL
020 ## - ISBN (INTERNATIONAL STANDARD BOOK NUMBER)
Número Internacional Normalizado para Libros (ISBN) 9788479596972
035 ## - NÚMERO DE CONTROL DEL SISTEMA
Número de control del sistema CES20100004486m
040 ## - FUENTE DE CATALOGACIÓN
Centro catalogador de origen ES-MaCES
Lengua de catalogación spa
Centro transcriptor ES-MaCES
100 1# - ENCABEZAMIENTO PRINCIPAL--NOMBRE PERSONAL
Nombre de persona Caballero Vásquez, Ángel
9 (RLIN) 8585
245 13 - MENCIÓN DE TÍTULO
Título La dimensión educativa de la Declaración Universal de Derechos Humanos
Mención de responsabilidad, etc. Ángel Caballero Vásquez ; [prólogo de Juan Antonio Carrillo Salcedo]
260 ## - PUBLICACIÓN, DISTRIBUCIÓN, ETC (PIE DE IMPRENTA)
Lugar de publicación, distribución, etc. Córdoba
Nombre del editor, distribuidor, etc. Cajasur, Obra Social y Cultural
Fecha de publicación, distribución, etc. 2009
300 ## - DESCRIPCIÓN FÍSICA
Extensión 113 p.
Dimensiones 24 cm
490 1# - MENCIÓN DE SERIE
Mención de serie Colección Estudios
500 ## - NOTA GENERAL
Nota general En la port.: Premio Derechos Humanos-Ilustre Colegio de Abogados de Lucena
541 ## - NOTA DE LA FUENTE INMEDIANTE DE ADQUISICIÓN
Forma de adquisición Gratuito
630 04 - ASIENTO SECUNDARIO DE MATERIA--TÍTULO UNIFORME
Título uniforme Declaración Universal de Derechos Humanos
Fecha de la firma de un tratado 1948
9 (RLIN) 34527
650 #4 - ASIENTO SECUNDARIO DE MATERIA--TÉRMINO DE MATERIA
Término de materia o nombre geográfico como elemento inicial derechos humanos
9 (RLIN) 27171
650 #4 - ASIENTO SECUNDARIO DE MATERIA--TÉRMINO DE MATERIA
Término de materia o nombre geográfico como elemento inicial declaración
9 (RLIN) 28950
650 #4 - ASIENTO SECUNDARIO DE MATERIA--TÉRMINO DE MATERIA
Término de materia o nombre geográfico como elemento inicial ONU
9 (RLIN) 26727
650 #4 - ASIENTO SECUNDARIO DE MATERIA--TÉRMINO DE MATERIA
Término de materia o nombre geográfico como elemento inicial educación
9 (RLIN) 27367
650 #4 - ASIENTO SECUNDARIO DE MATERIA--TÉRMINO DE MATERIA
Término de materia o nombre geográfico como elemento inicial aspecto educativo
9 (RLIN) 27369
650 #4 - ASIENTO SECUNDARIO DE MATERIA--TÉRMINO DE MATERIA
Término de materia o nombre geográfico como elemento inicial política educativa
9 (RLIN) 27373
650 #4 - ASIENTO SECUNDARIO DE MATERIA--TÉRMINO DE MATERIA
Término de materia o nombre geográfico como elemento inicial cultura
9 (RLIN) 27265
650 #4 - ASIENTO SECUNDARIO DE MATERIA--TÉRMINO DE MATERIA
Término de materia o nombre geográfico como elemento inicial investigación interdisciplinaria
9 (RLIN) 28841
653 10 - TÉRMINO DE INDEXACIÓN--NO CONTROLADO
Término no controlado Educación
700 1# - ENCABEZAMIENTO SECUNDARIO--NOMBRE PERSONAL
Nombre de persona Carrillo Salcedo, Juan Antonio
Término indicativo de función col.
9 (RLIN) 9124
710 2# - ENCABEZAMIENTO SECUNDARIO--NOMBRE CORPORATIVO
Nombre de entidad o nombre de jurisdicción como elemento inicial Cajasur
Término indicativo de función ed.
9 (RLIN) 1697
711 2# - ENCABEZAMIENTO SECUNDARIO--NOMBRE DE REUNIÓN
Nombre de congreso o nombre de jurisdicción como elemento inicial Premio Derechos Humanos (Colegio de Abogados de Lucena)
9 (RLIN) 1133
830 #0 - ENCABEZAMIENTO SECUNDARIO DE COLECCIÓN--TÍTULO UNIFORME
Título uniforme Colección Estudios (Cajasur)
9 (RLIN) 34526
902 ## - CES. TIPO DE DOCUMENTO
Tipodoc (006$c Sirtex) LIB Libro
942 ## - ELEMENTOS KOHA
Fuente de clasificaión o esquema Clasificación propia del CES
Koha [por defecto] tipo de item Monografías
Parte de clasificación 4.0.
Existencias
Número de registro Signatura completa Tipo de item de Koha
076976 SG-4.0.-25 Monografías
© CES, Consejo Económico y Social de España 2021